| 000 | 00000nam##2200000za#4500 |
| 001 | 9.682391 |
| 003 | CaOODSP |
| 005 | 20210615132903 |
| 007 | ta |
| 008 | 150407|2003||||xxc||||| f|0| 0 fre|d |
| 020 | |a0-662-75228-7 |
| 040 | |aCaOODSP|bfre |
| 043 | |an-cn--- |
| 086 | 1 |aEn49-16/1F |
| 110 | 1 |aCanada.|bEnvironnement Canada. |bInventaire national des rejets de polluants. |
| 245 | 10|a2001 compte rendu national -- Inventaire national des rejets de polluants. Exigences de déclaration |
| 260 | |aOttawa - Ontario : |bEnvironnement Canada. |c2003. |
| 300 | |a14p. : |bfigures, tableaux ; |c28 cm. |
| 500 | |a«Loi canadienne sur la protection de l'environnement de 1999». |
| 504 | |aBibliographie. |
| 520 | 3 |aCe guide donne un aperçu de l’Inventaire national des rejets de polluants (INRP). Il décrit les industries et les entreprises qui produisent une déclaration à l’INRP, selon des critères s’appliquant aux installations, aux nombres d’employés, aux seuils de certaines substances et d’autres critères. Il décrit également les renseignements qu’il faut déclarer à l’INRP et la façon de le faire. Il conclut en présentant les facteurs à prendre en compte lorsqu’on utilise les données de l’INRP. Comprend plusieurs renvois à des sites Web ainsi que le nom de personnes-ressources au sein d’autres organismes pertinents. |
| 563 | |aCouverture souple |
| 590 | |a04-06|b2004-02-06 |
| 691 | 07|aPollution|2gcpds |
| 691 | 07|aProtection de l'environnement|2gcpds |
| 775 | 08|t2001 national overview -- National Pollutant Release Inventory. Reporting requirements |w(CaOODSP)9.649175 |
| 776 | 0#|t2001 compte rendu national – Inventaire national des rejets de polluants |w(CaOODSP)9.640254 |
| 986 | |aSPE 5/NP/1F |